| 000 | 00490nam a2200169 i 4500 | ||
|---|---|---|---|
| 001 | 89363 | ||
| 003 | ES-MaACL | ||
| 005 | 20240424063047.0 | ||
| 007 | t| | ||
| 008 | 050110s1968 sp ||||1| spa d | ||
| 100 | 0 |
_aLapesa, Rafael, _d1908-2001 _970146 |
|
| 245 | 1 | 0 |
_aIntroducción a los estudios literarios / _cRafael Lapesa. |
| 260 |
_aSalamanca, etc. : _bAnaya, _c[1968] |
||
| 300 |
_a207 p. ; _c19 cm. |
||
| 852 |
_aES-MaACL _jC-35305 _bR.65999 |
||
| 999 |
_c89363 _d89363 |
||